| 000 | 01124nam a2200277 a 4500 | ||
|---|---|---|---|
| 005 | 20160727115349.0 | ||
| 008 | 100507s2005 ck ad gr 00010 spa d | ||
| 020 | _a958975726X | ||
| 040 |
_aCO-BoBLA _cCO-BoBLA _dCO-BoIAVH |
||
| 041 | _aspa | ||
| 044 | _ack | ||
| 082 | 0 | 4 |
_a631.5 _bC19f |
| 245 | 0 | 0 |
_aCampo para el futuro / _cCoordinador de Asistencia Técnica Herbert Fromberg. |
| 250 | _aCuarta edición | ||
| 260 | 3 |
_aBogotá, Colombia : _bMinisterio de Ambiente vivienda y Desarrollo Territorial : _bGTZ : _bCooperación República de Colombia, _c2005. |
|
| 300 |
_a199 páginas : _bilustraciones y cuadros ; _c20 x 20 cm. |
||
| 500 | _aIncluye anexos. | ||
| 650 | 2 | 6 |
_aDesarrollo agrícola _zColombia _vManuales |
| 650 | 2 | 6 |
_aDesarrollo sostenible _zColombia _vManuales |
| 650 | 2 | 4 |
_aTecnología agrícola _zColombia _vManuales |
| 650 | 2 | 6 |
_aCultivos _zColombia _xControl de plagas _vManuales |
| 650 | 2 | 6 |
_aEstructura agraria _yColombia |
| 700 | 1 |
_aFromberg, Herbert, _ecoordinador |
|
| 700 | 1 |
_aOtero Beltrán, Wilson Augusto, _eeditor |
|
| 942 |
_2ddc _cLIBRO |
||
| 999 |
_c4939 _d4939 |
||